Normal view
MARC view
- PATTON,MICHAEL QUINN
Entry Personal Name
001 - CONTROL NUMBER
- control field: 34491
003 - CONTROL NUMBER IDENTIFIER
- control field: OSt
005 - DATE AND TIME OF LATEST TRANSACTION
- control field: 20250327160322.0
008 - FIXED-LENGTH DATA ELEMENTS
- fixed length control field: 250327|| aca||aabn | a|a d
040 ## - CATALOGING SOURCE
- Original cataloging agency: OSt
- Transcribing agency: OSt
100 ## - HEADING--PERSONAL NAME
- Personal name: PATTON,MICHAEL QUINN
670 ## - SOURCE DATA FOUND
- Source citation: Work cat.: (OSt)7285: PATTON,MICHAEL QUINN, QUALITATIVE RESEARCH and EVALUATION METHODS